Perceptions of ecumenical efforts in resolving church divisions: the case of Karongi district, Rwanda / (Record no. 60141)

MARC details
000 -LEADER
fixed length control field 00814nam a22002297a 4500
005 - DATE AND TIME OF LATEST TRANSACTION
control field 20260205110447.0
008 - FIXED-LENGTH DATA ELEMENTS--GENERAL INFORMATION
fixed length control field 260205b |||||||| |||| 00| 0 eng d
050 ## - LIBRARY OF CONGRESS CALL NUMBER
Classification number THE BX6.5
Item number .I29 2025
100 ## - MAIN ENTRY--PERSONAL NAME
Personal name Ibyimana, Athanase
245 ## - TITLE STATEMENT
Title Perceptions of ecumenical efforts in resolving church divisions: the case of Karongi district, Rwanda /
260 ## - PUBLICATION, DISTRIBUTION, ETC. (IMPRINT)
Place of publication, distribution, etc Limuru, Kenya:
Name of publisher, distributor, etc St. Paul's University,
Date of publication, distribution, etc 2025.
300 ## - PHYSICAL DESCRIPTION
Extent xi, p. 87;
Dimensions 30cm.
521 ## - TARGET AUDIENCE NOTE
Target audience note Includes bibliographical references
650 ## - SUBJECT ADDED ENTRY--TOPICAL TERM
Topical term or geographic name as entry element Ecumenical movement
650 ## - SUBJECT ADDED ENTRY--TOPICAL TERM
Topical term or geographic name as entry element Church unity
650 ## - SUBJECT ADDED ENTRY--TOPICAL TERM
Topical term or geographic name as entry element Interchurch relations
Geographic subdivision Rwanda
650 ## - SUBJECT ADDED ENTRY--TOPICAL TERM
Topical term or geographic name as entry element Christianity and culture
Geographic subdivision Rwanda
700 ## - ADDED ENTRY--PERSONAL NAME
Personal name Githuku, Sammy
Relator term Dr.
700 ## - ADDED ENTRY--PERSONAL NAME
Personal name Kithinji, Julius K.
Relator term Dr.
856 ## - ELECTRONIC LOCATION AND ACCESS
Uniform Resource Identifier https://repository.spu.ac.ke/xmlui/handle/123456789/6668
942 ## - ADDED ENTRY ELEMENTS (KOHA)
Source of classification or shelving scheme Library of Congress Classification
Item type Thesis
Holdings
Withdrawn status Lost status Source of classification or shelving scheme Damaged status Not for loan Collection code Home library Current library Shelving location Date acquired Source of acquisition Total Checkouts Full call number Barcode Date last seen Uniform Resource Identifier Price effective from Koha item type
    Library of Congress Classification   Not For Loan Non-fiction Bishop Okullu Memorial Library (Limuru Campus) Bishop Okullu Memorial Library (Limuru Campus) Special Collection 05/02/2026 Donation   THE BX6.5 .I29 2025 072534 05/02/2026 https://repository.spu.ac.ke/xmlui/handle/123456789/6668 05/02/2026 Thesis